000 00700nam a2200253Ia 4500
003 OSt
005 20220918205550.0
006 a|||||r|||| 00| 0
007 ta
008 220917b |||||||| |||| 00| 0 eng d
024 _a117,055
037 _cTextual
040 _aARTS
_cARTS
_beng
041 _2eng
_aeng
082 _aV663:44.N86z7, M7
100 _aLawless R
_9115483
245 0 _aWar and refugees
_b the westren Sahara conflict
260 _aLondon
_bPinter Publishing
_c1987
300 _aviii, 201p.
_ccm.
650 _aHISTORY
700 _a Monahan L
_9115484
942 _hV663:44.N86z7, M7
_cTEXL
_2CC
999 _c240349
_d240349